000 00287nam a2200133 a 4500
008 190522s |||| d
245 1 0 _aPochopení zázraku života
958 _aAUL
100 1 _aUspenskij Peter
250 _a1.vydanie
020 _c0
041 _acze
044 _aCZ
999 _c20725
_d20725